The Civil War 1642-51 (Record no. 912)

000 -LEADER
fixed length control field 01020nam a22003497a 4500
001 - CONTROL NUMBER
control field 21974875
003 - CONTROL NUMBER IDENTIFIER
control field LIBRIS
005 - DATE AND TIME OF LATEST TRANSACTION
control field 20210426103528.0
008 - FIXED-LENGTH DATA ELEMENTS--GENERAL INFORMATION
fixed length control field 171124s1993 xx |||||||||||000 0|eng|d
020 ## - INTERNATIONAL STANDARD BOOK NUMBER
International Standard Book Number 9780853726470
Qualifying information pocket
020 ## - INTERNATIONAL STANDARD BOOK NUMBER
International Standard Book Number 0853726477
035 ## - SYSTEM CONTROL NUMBER
System control number (BOKR)9780853726470
040 ## - CATALOGING SOURCE
Original cataloging agency BOKR
Description conventions i
Language of cataloging eng
Transcribing agency DLC
041 ## - LANGUAGE CODE
Language code of text/sound track or separate title eng
080 ## - UNIVERSAL DECIMAL CLASSIFICATION NUMBER
Universal Decimal Classification number 94
Item number P-26
100 1# - MAIN ENTRY--PERSONAL NAME
Personal name St. John Parker, Michael
Relationship aut
245 10 - TITLE STATEMENT
Title The Civil War 1642-51
Statement of responsibility, etc. / by: Pitkin Unichrome
260 ## - PUBLICATION, DISTRIBUTION, ETC.
Place of publication, distribution, etc. Andover
Name of publisher, distributor, etc. Pitkin Unichrome
Date of publication, distribution, etc. 1993
263 ## - PROJECTED PUBLICATION DATE
Projected publication date 199309
264 #1 - PRODUCTION, PUBLICATION, DISTRIBUTION, MANUFACTURE, AND COPYRIGHT NOTICE
Name of producer, publisher, distributor, manufacturer The History Press Ltd,
Date of production, publication, distribution, manufacture, or copyright notice 1993
300 ## - PHYSICAL DESCRIPTION
Extent 32 p. ill.
Dimensions 24.2 cm
336 ## - CONTENT TYPE
Content type term text
Content type code txt
Source rdacontent
337 ## - MEDIA TYPE
Media type term unmediated
Media type code n
Source rdamedia
338 ## - CARRIER TYPE
Carrier type term volume
Carrier type code nc
Source rdacarrier
340 ## - PHYSICAL MEDIUM
Dimensions 24.2 cm
365 ## - TRADE PRICE
Price amount 2.99 gbp
490 0# - SERIES STATEMENT
Series statement PITKIN GUIDES
650 #0 - SUBJECT ADDED ENTRY--TOPICAL TERM
9 (RLIN) 252
Topical term or geographic name entry element History
653 ## - INDEX TERM--UNCONTROLLED
Uncontrolled term ისტორია
887 ## - NON-MARC INFORMATION FIELD
Content of non-MARC field {"@id":"h1t8lpbt3g4s683","modified":"2018-10-03T11:39:56.838+02:00","checksum":"26275583408"}
Source of data librisxl
942 ## - ADDED ENTRY ELEMENTS (KOHA)
Source of classification or shelving scheme
Koha item type Books
Holdings
Withdrawn status Lost status Source of classification or shelving scheme Damaged status Not for loan Permanent location Current location Date acquired Inventory number Total Checkouts Full call number Barcode Date last seen Price effective from Koha item type
          Ken Walker International University Ken Walker International University 01/21/2021 2379   94 P-26 2379 01/21/2021 01/21/2021 Books

Powered by Koha